000 00741nam a2200217Ia 4500
008 130821s1937 xxua gr eng
040 _aCo-BoUCM
_bspa
041 0 0 _aeng
100 1 _aMackenzie, D.H.
_9167985
245 1 0 _aMathematics of finance
_cD. H. Mackenzie
260 _aNueva York (Estados Unidos)
_bMcGraw Hill
_c1937
300 _aix, 214 páginas
_bilustraciones, gráficas
500 _aDonación Dr. Álvaro Daza Roa.
500 _aIncluye índice
501 _aEl interés compuesto y las tablas de anualidades.
650 0 4 _aFinanzas
_97628
650 0 4 _aMatemáticas financieras
_919038
650 0 4 _aMatemáticas
_919031
942 _cLIBRO
_a16
_e1
_mM156m
_2DEWEY
_h658.1513
999 _c71555
_d71555